00810 2200193 4500001002100000005001500021035002000036245023100056100001900287250002000306300005200326856003600378700008800414260003900502082001000541084001600551020002200567600002700589INLIS00000000114673720260211105041 a0010-02260003571 aPERAN STRATEGIS BUM DESA UNTUK PEMBERDAYAAN MASYARAKAT /cPenulis; Dr. Hj. Ellen Rusliati, S.E.,M.S.I.E & Dr. Hj. Mujibah A. Sufyani, S.E,M.M, Editor; Zakiyatur Rosidah, Desain Cover; Ali Hasan Zein, Proofreader; Mira Muarifah0 aEllen Rusliati aCetakan Pertama ax, 85 halaman :bIlustrasi ;c15,5x23cmeKertas aPerpustakaan Umum Kota Makassar0 aEditor; Zakiyatur Rosidah, Desain Cover; Ali Hasan Zein, Proofreader; Mira Muarifah aYogyakarta :bCV BUDI UTAMA,c2025 a338.9 a338.9 ELL p a978-623-02-9245-3 4aPemberdayaan perempuan